000
00279nam a22001217a 4500
999
_c
12496
_d
12496
020
_a
9789332574120
082
_a
658
100
_a
Stephen P. Robbins, Mary Coulter, David De Cenzo
245
_a
Fundamentals of Management
250
_a
9th
300
_a
504 pages.
942
_c
BK